[Event "Alcorcon Diagonal op 2nd"]
[Site "Alcorcon"]
[Date "2023.12.26"]
[Round "2"]
[White "Ruiz Roldan, Esther"]
[Black "Perez Paleo, Javier"]
[Result "0-1"]
[WhiteElo "1277"]
[BlackElo "1567"]
[PlyCount "76"]
[EventDate "2023.12.26"]
[EventType "swiss"]
[EventRounds "9"]
[EventCountry "ESP"]
[SourceTitle "CB01_2024"]
[SourceDate "2024.01.03"]
[SourceVersion "1"]
[SourceVersionDate "2024.01.03"]
[SourceQuality "1"]

1. e4 d5 2. exd5 Nf6 3. Nc3 Nxd5 4. Nxd5 Qxd5 5. Nf3 Bg4 6. Be2 Nc6 7. d4 0-0-0 8. Be3 e5 9. dxe5 Bxf3 10. Bxf3 Qxe5 11. Qc1 Nd4 12. Bd1 Nf5 13. Bg4 Bd6 14. f4 Qf6 15. 0-0 Kb8 16. Bf2 h5 17. Bf3 Nd4 18. Qd1 Qxf4 19. Bg3 Nxf3+ 20. Rxf3 Bc5+ 21. Kf1 Rxd1+ 22. Rxd1 Qc4+ 23. Rfd3 Rd8 24. Ke1 Rxd3 25. Rxd3 Bd6 26. Ke2 b6 27. Bxd6 cxd6 28. b3 Qf4 29. Kd1 Qf1+ 30. Kd2 Qxg2+ 31. Kc3 Qxh2 32. Kb2 Qe5+ 33. Kc1 h4 34. Kd1 g5 35. Kd2 g4 36. Re3 Qf4 37. Ke2 h3 38. Re8+ Kb7 0-1